| 000 | 00536nam a22001817a 4500 | ||
|---|---|---|---|
| 003 | OSt | ||
| 005 | 20260421074848.0 | ||
| 008 | 260421b |||||||| |||| 00| 0 eng d | ||
| 020 | _a981-4053-06-6. | ||
| 040 |
_aDWC-Main lib. _cOC |
||
| 082 | _aCirc. 512 F813 2000 | ||
| 100 | _aFraleigh, John B. | ||
| 245 |
_aA first course in abstract algebra/ _cJohn B. Fraleigh |
||
| 260 |
_aSingapore : _bPearson Education Asia Pte. Ltd., _cc2000. |
||
| 300 |
_a536 p. ; _c22 cm. |
||
| 650 | _a1. Algebra. | ||
| 942 |
_2ddc _cBK-CIRC _hCirc. _n0 |
||
| 999 |
_c9596 _d9596 |
||